| 000 | 00000nam##2200000za#4500 |
| 001 | 9.606839 |
| 003 | CaOODSP |
| 005 | 20250129103524 |
| 007 | cr ||||||||||| |
| 008 | 150406|2005||||xxc|||||o f|0| 0 fre|d |
| 040 | |aCaOODSP|bfre |
| 043 | |an-cn--- |
| 086 | 1 |aEn57-41/5-2005F-PDF |
| 110 | 2 |aService météorologique du Canada. |
| 245 | 10|aLes Amériques : |h[ressource électronique]|brenforcement des capacités d'adaptation aux changements environnementaux planétaires / |cpar Adam Fenech, Mary Murphy, Don MacIver, Heather Auld et Robin Bing Rong. |
| 260 | |aToronto - Ontario : |bEnvironnement Canada. |cMai 2005. |
| 300 | |a22p.|bgraphiques, carte, références |
| 490 | 1 |aPapier occasionnel|v5 |
| 590 | |a14-08-Supp|b2014-04-10 |
| 775 | 08|tThe Americas : |w(CaOODSP)9.573357 |
| 830 | #0|aPapier occasionnel ;|v5|w(CaOODSP)9.504138 |
| 856 | 40|ahttp://publications.gc.ca|qPDF|s2.27 Mo|uhttps://publications.gc.ca/collections/collection_2014/ec/En57-41-5-2005-fra.pdf|y5 |